[Event "Wch Rapid"]
[Site "Moscow"]
[Date "2019.12.26"]
[Round "3"]
[White "Sethuraman, SP."]
[Black "Studer, Noel"]
[Result "1-0"]
[WhiteElo "2638"]
[BlackElo "2546"]
[PlyCount "37"]
[EventDate "2019.12.26"]
[EventType "swiss (rapid)"]
[EventRounds "15"]
[EventCountry "RUS"]
[SourceTitle "CBM 193 Extra"]
[Source "ChessBase"]
[SourceDate "2020.01.31"]
[SourceVersion "1"]
[SourceVersionDate "2020.01.31"]
[SourceQuality "1"]

1. Nf3 d5 2. c4 d4 3. b4 f6 4. e3 e5 5. c5 a5 6. Qa4+ Bd7 7. Qb3 ({RR} 7. b5 Bxc5 8. Bc4 Ne7 9. exd4 exd4 10. Ba3 Bxa3 11. Nxa3 Bg4 12. Nxd4 Nd7 13. Nac2 Nb6 14. Qb3 Qd6 15. O-O a4 16. Qc3 O-O-O 17. h3 Bd7 18. Rfe1 Ned5 19. Bxd5 Nxd5 20. Qa5 Nb6 21. Re3 Rhe8 {Caruana,F (2823)-Topalov,V (2760) Saint Louis 2016 ½-½ (38)}) ({RR} 7. b5 Bxc5 8. Bc4 Nh6 9. exd4 exd4 10. O-O Nf7 11. Re1+ Be7 12. Ba3 Nd6 13. Bxd6 cxd6 14. Nxd4 Kf8 15. Qb3 g6 16. Qe3 Qe8 17. Qh6# {1-0 (17) Kazakouski,V (2603)-Sathvik Adiga (2413) chess.com INT 2024}) ({RR} 7. b5 Bxc5 8. Bc4 Ne7 9. Ba3 Bxa3 10. Qxa3 c6 11. bxc6 Nbxc6 12. O-O Nb4 13. Qb2 b5 14. Bb3 Bc6 15. a3 Nd3 16. Qc2 Be4 17. exd4 Rc8 18. Qd1 a4 19. Ba2 Bxf3 20. Qxf3 Qxd4 21. Nc3 b4 {Mekhitarian,K (2554)-Studer,N (2579) Chess.com INT 2021 1-0 (60)}) 7... axb4 8. Bc4 Nh6 9. exd4 e4 $146 ({RR} 9... exd4 10. O-O Bxc5 11. Re1+ Kf8 12. d3 Ba4 13. Qb2 Nf7 14. a3 Nc6 15. axb4 Bxb4 16. Bd2 Bxd2 17. Nbxd2 Nd6 18. Bd5 Ne7 19. Nxd4 Bd7 20. Be6 Rxa1 21. Qxa1 Nc6 22. Bxd7 Nxd4 23. Qxd4 Qxd7 24. Nc4 {Liang,A (2613)-Hong,A (2504) Chess.com INT 2022 0-1 (54)}) ({RR} 9... exd4 10. O-O Bxc5 11. Re1+ Kf8 12. d3 Ba4 13. Qb2 Nf7 14. a3 Nc6 15. axb4 Bxb4 16. Bd2 Bxd2 17. Nbxd2 Nd6 18. Bd5 Ne7 19. Nxd4 Bd7 20. Be6 Rxa1 21. Qxa1 Nc6 22. Bxd7 Nxd4 23. Qxd4 Qxd7 24. Nc4 {Liang,A (2613)-Hong,A (2504) Chess.com INT 2022 0-1 (54)}) 10. Ng1 Nc6 11. Bb2 Bg4 12. Bb5 Bd7 13. Ne2 Nf5 14. a4 b6 15. O-O Be7 16. Qd5 Ne5 17. Bxd7+ Qxd7 18. Qxa8+ Kf7 19. Qxe4 1-0

[Event "Wch Rapid"]
[Site "Moscow"]
[Date "2019.12.27"]
[Round "7"]
[White "Fedoseev, Vladimir1"]
[Black "Sasikiran, Krishnan"]
[Result "1-0"]
[WhiteElo "2677"]
[BlackElo "2656"]
[PlyCount "61"]
[EventDate "2019.12.26"]
[EventType "swiss (rapid)"]
[EventRounds "15"]
[EventCountry "RUS"]
[SourceTitle "CBM 193 Extra"]
[Source "ChessBase"]
[SourceDate "2020.01.31"]
[SourceVersion "1"]
[SourceVersionDate "2020.01.31"]
[SourceQuality "1"]

1. Nf3 d5 2. g3 c6 3. Bg2 Nf6 4. d3 Bg4 5. h3 Bh5 6. Bf4 e6 7. Nbd2 Bd6 8. Bxd6 Qxd6 9. e4 $146 ({RR} 9. g4 Bg6 10. Nh4 Nbd7 11. e3 Ng8 12. Qe2 Ne7 13. f4 f6 14. O-O-O O-O-O 15. Rhf1 Bf7 16. d4 Rhe8 17. e4 Qc7 18. Kb1 Kb8 19. Qf2 Bg8 20. exd5 cxd5 21. Rfe1 Nc6 22. Nb3 Nb6 23. Bf1 h6 {Zhigalko,A (2564)-Debashis,D (2505) Warsaw 2017 ½-½ (70)}) 9... Nbd7 10. Qe2 e5 11. g4 Bg6 12. h4 h6 13. h5 Bh7 14. g5 hxg5 15. Nxg5 Qe7 16. O-O-O O-O-O 17. Rdg1 Kb8 18. exd5 cxd5 19. f4 Rde8 20. Re1 Bf5 21. fxe5 Ng4 22. Ngf3 Ngxe5 23. Qf1 Qf6 24. Nxe5 Rxe5 25. Nf3 Rxe1+ 26. Qxe1 Qd6 27. Kb1 Bg4 28. Ng5 Qf4 29. Nxf7 Rf8 30. Bxd5 Nf6 31. Qe7 1-0

[Event "Wch Rapid"]
[Site "Moscow"]
[Date "2019.12.27"]
[Round "7"]
[White "Grischuk, Alexander"]
[Black "Fridman, Daniel"]
[Result "1-0"]
[WhiteElo "2777"]
[BlackElo "2616"]
[PlyCount "112"]
[EventDate "2019.12.26"]
[EventType "swiss (rapid)"]
[EventRounds "15"]
[EventCountry "RUS"]
[SourceTitle "CBM 193 Extra"]
[Source "ChessBase"]
[SourceDate "2020.01.31"]
[SourceVersion "1"]
[SourceVersionDate "2020.01.31"]
[SourceQuality "1"]

1. Nf3 Nf6 2. g3 d5 3. Bg2 e6 4. O-O c5 5. d3 Nc6 6. e4 dxe4 7. dxe4 Qxd1 8. Rxd1 Nxe4 9. Na3 Be7 10. Bf4 ({RR} 10. Be3 O-O 11. Nd2 Nxd2 12. Rxd2 e5 13. Nc4 Be6 14. Bxc6 bxc6 15. Nxe5 Rfc8 16. b3 Bf6 17. f4 Bxe5 18. fxe5 c4 19. Bc5 h5 20. Rd4 Rcb8 21. Rad1 a5 22. Kf2 Kh7 23. R1d2 a4 24. bxc4 a3 {Grischuk,A (2736)-Abdusattorov,N (2732) Dubai UAE 2023 0-1 (59)}) ({RR} 10. Nc4 O-O 11. Be3 Nb4 12. Ne1 Nf6 13. Nd6 Rb8 14. Bf4 Nc6 15. Bxc6 bxc6 16. Nf5 Rb7 17. Nxe7+ Rxe7 18. Bd6 Ree8 19. Bxc5 Nd7 20. Bxf8 Kxf8 21. Rd6 c5 22. Rad1 Ke7 23. Rc6 Rd8 24. Rc7 a6 {Supi,L (2557)-Hilt,J (2010) Perez, Santa Fe ARG 2025 1-0}) 10... f5 $146 ({RR} 10... f6 11. Nb5 O-O 12. Re1 e5 13. Rxe4 exf4 14. Rae1 Bd8 15. Rxf4 a6 16. Nd6 Bc7 17. Nxc8 Bxf4 18. Nb6 Bc7 19. Nxa8 Rxa8 20. Nh4 Rd8 21. Bxc6 bxc6 22. Nf5 g6 23. Nh6+ Kg7 24. Ng4 Kf7 25. Re2 {Amin,B (2684)-Aditya,M (2519) Stockholm SWE 2023 1-0 (52)}) ({RR} 10... f6 11. Nb5 O-O 12. Re1 e5 13. Rxe4 exf4 14. Rae1 Bd8 15. Rxf4 a6 16. Nd6 Bc7 17. Nxc8 Bxf4 18. Nb6 Bc7 19. Nxa8 Rxa8 20. Nh4 Rd8 21. Bxc6 bxc6 22. Nf5 g6 23. Nh6+ Kg7 24. Ng4 Kf7 25. Re2 {Amin,B (2684)-Aditya,M (2519) Stockholm SWE 2023 1-0 (52)}) 11. Ne5 Nxe5 12. Bxe5 Bf6 13. Nc4 Bxe5 14. Nxe5 Ke7 15. Bxe4 fxe4 16. Re1 Bd7 17. Rxe4 Rad8 18. Rae1 Bc8 19. Rg4 Rhg8 20. Rc4 Rd5 21. a4 Kd6 22. Nf7+ Ke7 23. Ne5 Kd6 24. Rce4 Ke7 25. f3 Rd2 26. R1e2 Rxe2 27. Rxe2 Rd8 28. Kf2 Bd7 29. Re4 Be8 30. Ke2 Kf6 31. Nd3 b6 32. a5 Rd6 33. axb6 axb6 34. Rf4+ Ke7 35. Ne5 Rd5 36. Re4 Kf6 37. f4 Rd8 38. Re3 Ra8 39. Kd2 Ra2 40. b3 Ra8 41. h4 Ra1 42. Nc4 Ra6 43. Rc3 Ke7 44. Re3 Bg6 45. Ne5 Ra2 46. Nxg6+ hxg6 47. Re1 Kf6 48. Kc3 Ke7 49. Rc1 Ra8 50. Kc4 Rd8 51. Kb5 Rd6 52. Re1 Kf6 53. Re3 Rd2 54. Rc3 Rd6 55. Rd3 Rxd3 56. cxd3 e5 1-0

[Event "Wch Rapid"]
[Site "Moscow"]
[Date "2019.12.27"]
[Round "7"]
[White "Nakamura, Hikaru"]
[Black "Sjugirov, Sanan"]
[Result "1-0"]
[WhiteElo "2736"]
[BlackElo "2665"]
[PlyCount "59"]
[EventDate "2019.12.26"]
[EventType "swiss (rapid)"]
[EventRounds "15"]
[EventCountry "RUS"]
[SourceTitle "CBM 193 Extra"]
[Source "ChessBase"]
[SourceDate "2020.01.31"]
[SourceVersion "1"]
[SourceVersionDate "2020.01.31"]
[SourceQuality "1"]

1. Nf3 d5 2. g3 c5 3. Bg2 Nf6 4. O-O e6 5. d3 Nc6 6. Nbd2 g6 7. e4 Bg7 8. Re1 O-O 9. c3 a5 10. a4 b6 11. exd5 exd5 12. Nb3 ({RR} 12. Nb1 Bf5 13. Na3 Qd7 14. Qb3 {½-½ (14) Bentancor,F (2305)-Kiselev,V (2504) Mar del Plata ARG 2025}) 12... Re8 ({RR} 12... h6 13. Bf4 Be6 14. d4 c4 15. Nbd2 Re8 16. b3 Rc8 17. Ne5 cxb3 18. Qxb3 Ne7 19. Rab1 Nf5 20. Qxb6 Qxb6 21. Rxb6 g5 22. Be3 Rxc3 23. Ra6 Nd7 24. Rxe6 Rxe6 25. Bxd5 Re7 26. Ne4 Rxe3 27. fxe3 {Matlakov,M (2662)-Chigaev,M (2617) chess.com INT 2023 0-1 (40)}) 13. Bf4 $146 ({RR} 13. d4 Rxe1+ 14. Qxe1 cxd4 15. Nfxd4 Bd7 16. Bg5 Nxd4 17. Nxd4 Qe8 18. Bxf6 Qxe1+ 19. Rxe1 Bxf6 20. Bxd5 Re8 21. Rxe8+ Bxe8 22. Bb3 Bxd4 23. cxd4 Kf8 24. Kg2 Ke7 25. Kf3 f6 26. h4 h6 27. Ke4 Bc6+ {Shchukin,D (2224)-Shinkarov,A (1836) Orsha BLR 2024 ½-½ (67)}) ({RR} 13. d4 Rxe1+ 14. Qxe1 cxd4 15. Nfxd4 Bd7 16. Bg5 Nxd4 17. Nxd4 Qe8 18. Bxf6 Qxe1+ 19. Rxe1 Bxf6 20. Bxd5 Re8 21. Rxe8+ Bxe8 22. Bb3 Bxd4 23. cxd4 Kf8 24. Kg2 Ke7 25. Kf3 f6 26. h4 h6 27. Ke4 Bc6+ {Shchukin,D (2224)-Shinkarov,A (1836) Orsha BLR 2024 ½-½ (67)}) 13... Ra7 14. Rxe8+ Qxe8 15. d4 c4 16. Nbd2 Bf5 17. b3 cxb3 18. Qxb3 Qd8 19. Ne5 Nxe5 20. dxe5 Ng4 21. Nf3 Be4 22. Re1 Qc7 23. Nd4 Qc5 24. f3 Nxe5 25. Bxe5 Bxe5 26. fxe4 b5 27. Qxd5 Qxc3 28. Rd1 Qe3+ 29. Kf1 Bc7 30. Qxb5 1-0

[Event "Wch Rapid"]
[Site "Moscow"]
[Date "2019.12.27"]
[Round "8"]
[White "Artemiev, Vladislav"]
[Black "Melkumyan, Hrant"]
[Result "1-0"]
[WhiteElo "2731"]
[BlackElo "2668"]
[PlyCount "84"]
[EventDate "2019.12.26"]
[EventType "swiss (rapid)"]
[EventRounds "15"]
[EventCountry "RUS"]
[SourceTitle "CBM 193 Extra"]
[Source "ChessBase"]
[SourceDate "2020.01.31"]
[SourceVersion "1"]
[SourceVersionDate "2020.01.31"]
[SourceQuality "1"]

1. Nf3 d5 2. g3 Bg4 3. Bg2 e6 4. O-O c6 5. d3 Nd7 6. Nbd2 Bd6 7. e4 Ne7 8. h3 Bh5 9. d4 O-O 10. Re1 ({RR} 10. e5 Bc7 11. b4 a5 12. c3 b6 13. Bb2 axb4 14. cxb4 c5 15. bxc5 bxc5 16. g4 Bg6 17. Re1 c4 18. Bc3 Ba5 19. Qc1 Nc6 20. a4 Bxc3 21. Qxc3 Qa5 22. Qa3 Nb4 23. Rec1 Nc2 24. Qd6 Nxa1 {Bashirli,S (1986)-Molina,R (2381) chess.com INT 2024 0-1}) 10... h6 ({RR} 10... b5 11. a4 b4 12. c4 bxc3 13. bxc3 Rb8 14. e5 Bc7 15. Ba3 c5 16. Nb3 c4 17. Nc5 Nxc5 18. Bxc5 Ba5 19. Qc1 Qd7 20. Nh4 Rfe8 21. f4 Rb3 22. Re3 Bg6 23. Nxg6 hxg6 24. g4 Reb8 25. Qe1 {Mamedyarov,S (2770)-Carlsen,M (2847) chess24.com INT 2021 0-1 (53)}) 11. c3 Bg6 12. e5 $146 ({RR} 12. Bf1 Qb8 13. Kg2 Rc8 14. Bd3 a6 15. Qe2 dxe4 16. Nxe4 c5 17. dxc5 Nxc5 18. Nxc5 Rxc5 19. Bxg6 Nxg6 20. Bd2 Qc7 21. Rad1 b5 22. Qe4 Re8 23. Be3 Rc4 24. Rd4 f5 25. Qd3 Bf8 26. Rd1 Qb7 {Gukesh,D (2456)-Melkumyan,H (2660) Douglas 2018 ½-½ (69)}) 12... Bc7 13. Nh4 Bh7 14. Qg4 Nf5 15. Ndf3 c5 16. Bd2 cxd4 17. cxd4 Ba5 18. Nxf5 Bxf5 19. Qf4 Bxd2 20. Qxd2 Rc8 21. Rac1 Qb6 22. Re3 a5 23. Rb3 Qa7 24. Rbc3 Rxc3 25. Rxc3 Nb8 26. Rc5 Nc6 27. Qc3 Be4 28. Nd2 Bxg2 29. Kxg2 a4 30. Nb1 Qa6 31. Qd2 Qb6 32. Na3 Ra8 33. Qc3 Ra5 34. Rxa5 Nxa5 35. Qc8+ Kh7 36. Qc2+ Kg8 37. Qxa4 Nc6 38. Nb5 g6 39. Nd6 Qa6 40. Qd1 Ne7 41. Qc1 Qb6 42. Qc5 Qxc5 1-0

[Event "Wch Rapid"]
[Site "Moscow"]
[Date "2019.12.28"]
[Round "11"]
[White "Petrosian, Tigran L"]
[Black "Nihal, Sarin"]
[Result "1-0"]
[WhiteElo "2601"]
[BlackElo "2612"]
[PlyCount "77"]
[EventDate "2019.12.26"]
[EventType "swiss (rapid)"]
[EventRounds "15"]
[EventCountry "RUS"]
[SourceTitle "CBM 193 Extra"]
[Source "ChessBase"]
[SourceDate "2020.01.31"]
[SourceVersion "1"]
[SourceVersionDate "2020.01.31"]
[SourceQuality "1"]

1. b3 d5 2. Bb2 Bg4 3. g3 Nf6 4. Bg2 e6 5. d3 Nbd7 6. Nd2 Bd6 7. Ngf3 c6 8. h3 Bh5 9. O-O O-O 10. e4 e5 11. Qe1 Re8 12. Nh4 a5 13. a3 ({RR} 13. Nf5 Bc5 14. a3 Qc7 15. Kh2 Rad8 16. Nf3 Bf8 17. Bc3 b6 18. g4 Bg6 19. Ng3 dxe4 20. dxe4 Nc5 21. Bxe5 Rxe5 22. Nxe5 Qxe5 23. f4 Qb2 24. f5 Bd6 25. Rd1 Qe5 26. b4 axb4 27. axb4 Na4 {Petrosian,T (2601)-Dreev,A (2653) Riadh 2017 0-1 (53)}) 13... Bg6 ({RR} 13... Qb6 14. Nf5 Bf8 15. Rb1 Rad8 16. Kh1 Nc5 17. f4 dxe4 18. Nc4 Qa7 19. dxe4 exf4 20. Bxf6 gxf6 21. gxf4 Bg6 22. Ng3 f5 23. e5 a4 24. b4 Ne6 25. Ne3 Rd4 26. Nexf5 Rxf4 27. Qd2 Rd8 28. Qc3 {Vitiugov,N (2747)-Dreev,A (2677) Moscow 2019 0-1 (39)}) 14. Nxg6 hxg6 15. Nf3 $146 ({RR} 15. Qe2 dxe4 16. dxe4 b5 17. Rfd1 Qe7 18. a4 Reb8 19. axb5 cxb5 20. Nb1 a4 21. bxa4 bxa4 22. Ba3 Bc5 23. Qd3 Nf8 24. Bxc5 Qxc5 25. Nc3 Rb4 26. Nd5 Rd4 27. Qe2 Ne6 28. c3 Rxd1+ 29. Qxd1 a3 {Zenker,U (2190)-Stumpf,H (2165) Bayern 1998 0-1 (60)}) ({RR} 15. Qe2 dxe4 16. dxe4 b5 17. Rfd1 Bc5 18. Nf3 Qb6 19. Bf1 Bf8 20. Ng5 Nc5 21. Qf3 Ne6 22. Nxe6 Rxe6 23. Kg2 Bc5 24. Bd3 Rd8 25. Qe2 Ne8 26. a4 Nc7 27. Rf1 Bd4 28. c3 Bc5 29. axb5 cxb5 {Annaberdiyev,B (2168)-Uzumcu,A (2284) Mersin 2022 ½-½ (67)}) 15... Qe7 16. Qe2 Rad8 17. Rfe1 d4 18. Nd2 b5 19. Rec1 a4 20. bxa4 bxa4 21. Nc4 Rb8 22. c3 c5 23. Qc2 Nb6 24. Nxd6 Qxd6 25. Bf3 Rec8 26. c4 Na8 27. Bd1 Nc7 28. Rcb1 Qd7 29. Kg2 Rb3 30. Qe2 Rb6 31. Bc1 Rcb8 32. Rxb6 Rxb6 33. Qc2 Ra6 34. Rb1 Ra8 35. Rb6 Ne6 36. Qb1 Qa7 37. Qb5 Nc7 38. Qc6 Ne6 39. Bd2 1-0

[Event "Wch Rapid"]
[Site "Moscow"]
[Date "2019.12.28"]
[Round "12"]
[White "Anton Guijarro, David"]
[Black "Dreev, Alexey"]
[Result "1-0"]
[WhiteElo "2685"]
[BlackElo "2677"]
[PlyCount "101"]
[EventDate "2019.12.26"]
[EventType "swiss (rapid)"]
[EventRounds "15"]
[EventCountry "RUS"]
[SourceTitle "CBM 193 Extra"]
[Source "ChessBase"]
[SourceDate "2020.01.31"]
[SourceVersion "1"]
[SourceVersionDate "2020.01.31"]
[SourceQuality "1"]

1. Nf3 {Salov,Valery} d5 2. b3 Bg4 3. Bb2 Nd7 4. e3 c6 ({RR} 4... Ngf6 5. h3 Bh5 6. Be2 e6 7. d3 h6 8. Nbd2 Bg6 9. Ne5 Nxe5 10. Bxe5 Bd6 11. Nf3 O-O 12. O-O Qe7 13. c4 a5) ({RR} 4... e5 5. h3) 5. h3 Bh5 6. d3 Qc7 ({RR} 6... e6 7. Nbd2 h6 ({RR} 7... Ngf6 8. g4 Bg6 9. Nh4 Be7) 8. g3 Ngf6 9. Bg2 a5 10. a3 Bd6 11. O-O O-O 12. Qe1 ({RR} 12. Qe2) 12... Qb6 ({RR} 12... Re8) 13. e4 Bxf3 ({RR} 13... Bxg3 14. Bd4 c5 15. Bxf6) ({RR} 13... e5 14. Nh4 Rfe8 15. Nf5 ({RR} 15. g4 Bg6 16. Nxg6 ({RR} 16. Nf5) 16... fxg6 17. exd5 ({RR} 17. Qe2 Nc5 18. d4 exd4 ({RR} 18... Ncxe4 19. dxe5 Bxe5 20. Bxe5 Rxe5) 19. Bxd4 dxe4 20. Nxe4 Nfxe4 21. Bxe4 Rxe4 22. Qxe4 Nxe4 23. Bxb6) 17... cxd5 ({RR} 17... Nxd5 18. Nc4 Qc7 19. Be4) 18. c4 Nc5) 15... Bf8) 14. Nxf3 e5 15. Nd2 ({RR} 15. exd5 cxd5 ({RR} 15... Nxd5 16. Nd2) 16. Nxe5 Nxe5 17. Bxe5 Rfe8 18. d4 Nd7 ({RR} 18... Rac8)) 15... Rfe8 16. Rb1 ({RR} 16. Qe2 a4 17. b4 c5 ({RR} 17... dxe4 18. dxe4 c5 19. Nc4 Qb5 20. Rfe1) 18. exd5 cxb4 19. Nc4) 16... Rad8 17. Qe2 Qc7 18. Rbe1 b5 19. Kh2 ({RR} 19. Kh1) ({RR} 19. c3) 19... d4 ({RR} 19... dxe4 20. dxe4 Bc5) ({RR} 19... Nf8 20. exd5 cxd5 21. c4) 20. Ra1 Rb8 ({RR} 20... c5 21. a4) 21. h4 {Salov,V (2710)-Bareev,E (2685) Tilburg 1994 CBM 044 [Salov,Valery] 1-0 (57)} ({RR} 21. Rfc1 h5 22. c3 ({RR} 22. Nf3 c5 23. c3) 22... dxc3 23. Bxc3 ({RR} 23. Rxc3)) {RR} 21... h5 22. Bh3) ({RR} 6... f6 7. d4 e6 8. c4 Bd6 9. Bd3 Bg6 10. Nc3 Bxd3 11. Qxd3 f5 12. g4 Ne7 13. Ng5 Nf8 14. gxf5 exf5 15. cxd5 cxd5 16. Qb5+ Qd7 17. Qxd7+ Nxd7 18. Nb5 Bb4+ 19. Ke2 O-O 20. Rac1 a6 21. Bc3 {Nakamura,H (2736)-Dreev,A (2623) Chess.com INT 2022 1-0 (68)}) 7. g4 Bg6 8. Nh4 e5 9. Nd2 $146 ({RR} 9. Nxg6 hxg6 10. Bg2 Bd6 11. c4 Ne7 12. Nc3 Qa5 13. a3 dxc4 14. dxc4 Bc7 15. b4 Qa6 16. Ne4 Rd8 17. Qb3 b5 18. c5 Nf6 19. Nd6+ Bxd6 20. cxd6 Rxd6 21. Bxe5 Re6 22. Bd4 O-O 23. O-O Nc8 {Balbuena Fuentes,M (2268)-Silva Rodriguez,F (2253) Linares 2019 ½-½ (49)}) 9... Bd6 10. a3 Ne7 11. Bg2 a5 12. Qe2 Nc5 13. Nxg6 hxg6 14. h4 Ne6 15. O-O-O b5 16. Kb1 a4 17. b4 c5 18. c3 Rc8 19. Rc1 c4 20. dxc4 bxc4 21. g5 Rb8 22. h5 gxh5 23. Rxh5 Rf8 24. Rd1 g6 25. Rh4 e4 26. Bxe4 dxe4 27. Nxe4 Be5 28. f4 Rh8 29. Rxh8+ Bxh8 30. Qh2 Bg7 31. Nf6+ Kf8 32. Nd7+ Ke8 33. Nxb8 Qxb8 34. Qc2 Qa8 35. Ka2 Nd5 36. Qd2 Ndc7 37. Qd7+ Kf8 38. Rd6 Kg8 39. Rc6 Kh7 40. e4 Nb5 41. f5 Nf4 42. fxg6+ Nxg6 43. Qh3+ Nh4 44. Qxh4+ Kg8 45. Rxc4 Qa6 46. e5 Bxe5 47. Rc5 Nxc3+ 48. Rxc3 Bxc3 49. Bxc3 Qe2+ 50. Bb2 Qe6+ 51. Ka1 1-0

[Event "Wch Rapid"]
[Site "Moscow"]
[Date "2019.12.28"]
[Round "13"]
[White "Triapishko, Alexandr"]
[Black "Kazhgaleyev, Murtas"]
[Result "1-0"]
[WhiteElo "2502"]
[BlackElo "2569"]
[PlyCount "61"]
[EventDate "2019.12.26"]
[EventType "swiss (rapid)"]
[EventRounds "15"]
[EventCountry "RUS"]
[SourceTitle "CBM 193 Extra"]
[Source "ChessBase"]
[SourceDate "2020.01.31"]
[SourceVersion "1"]
[SourceVersionDate "2020.01.31"]
[SourceQuality "1"]

1. Nf3 Nf6 2. g3 b5 3. Bg2 Bb7 4. O-O e6 5. d3 d5 6. c4 bxc4 7. dxc4 Nbd7 8. cxd5 exd5 9. Nc3 Bb4 ({RR} 9... Nc5 10. Qc2 Be7 11. Rd1 O-O 12. Nd4 g6 13. Bh6 Re8 14. Rac1 Qd7 15. Bg5 Rad8 16. e3 Ne6 17. Nxe6 fxe6 18. Na4 Ng4 19. Nc5 Qc6 20. Bxe7 Rxe7 21. Qb3 Ba8 22. Qb4 {1-0 (22) Pranav,V (2587)-Viani Antonio Dcunha (2386) Dubai Police Officers Club, A 2024}) 10. Qb3 $146 ({RR} 10. Nh4 Nc5 11. Be3 Qd7 12. Rc1 Ne6 13. Qb3 c5 14. Na4 d4 15. Bxb7 Rb8 16. Bf3 dxe3 17. a3 O-O 18. axb4 exf2+ 19. Kxf2 Rxb4 20. Nxc5 Rxb3 21. Nxd7 Nxd7 22. Rc2 Rfb8 23. Ra1 Rxb2 24. Rxb2 Rxb2 {Nguyen,P (2394)-Warakomski,T (2533) Lublin POL 2023 ½-½ (78)}) ({RR} 10. Nh4 Bxc3 11. bxc3 O-O 12. Nf5 Re8 13. c4 Nb6 14. c5 Nc4 15. Rb1 Bc8 16. Ne3 Nxe3 17. Bxe3 Ba6 18. Re1 c6 19. Bd4 Ne4 20. Qc2 Qe7 21. Rb3 Ng5 22. Qb2 Ne6 23. e3 Nxd4 24. Qxd4 Rad8 {Rechlis,G (2498)-Gruenfeld,Y (2432) Israel 2020 0-1 (45)}) 10... c5 11. Nh4 Nb6 12. a3 Bxc3 13. Qxc3 Rc8 14. Qe5+ Qe7 15. Qxe7+ Kxe7 16. Nf5+ Kf8 17. Bf4 Ne8 18. Rac1 Ba6 19. Nd6 Rc6 20. Nxe8 Kxe8 21. Rfd1 Ke7 22. b4 Bc4 23. e4 Rd8 24. bxc5 Rxc5 25. exd5 Ra5 26. Bc7 Rc8 27. Bh3 f5 28. d6+ Ke6 29. Re1+ Kd5 30. Bxf5 Rf8 31. Be6+ 1-0

[Event "Wch Rapid"]
[Site "Moscow"]
[Date "2019.12.28"]
[Round "14"]
[White "Chigaev, Maksim"]
[Black "Bluebaum, Matthias"]
[Result "1-0"]
[WhiteElo "2631"]
[BlackElo "2644"]
[PlyCount "83"]
[EventDate "2019.12.26"]
[EventType "swiss (rapid)"]
[EventRounds "15"]
[EventCountry "RUS"]
[SourceTitle "CBM 193 Extra"]
[Source "ChessBase"]
[SourceDate "2020.01.31"]
[SourceVersion "1"]
[SourceVersionDate "2020.01.31"]
[SourceQuality "1"]

1. Nf3 d5 2. c4 d4 3. b4 c5 4. g3 Nf6 5. Bg2 Qc7 6. d3 e5 7. b5 Bd6 8. O-O O-O 9. a4 a5 10. e3 $146 ({RR} 10. Ra2 Bg4 11. e4 dxe3 12. Bxe3 Nbd7 13. Nc3 Rad8 14. h3 Bf5 15. g4 Bg6 16. Nh4 Nb6 17. Nxg6 hxg6 18. Qf3 Rd7 19. Rd1 Rfd8 20. Rc2 e4 21. dxe4 Nxc4 22. Bg5 Bh2+ 23. Kh1 Rxd1+ 24. Nxd1 Nb6 {Schoorl,R (2266)-Van den Doel,E (2583) Netherlands 2020 0-1 (100)}) ({RR} 10. Ra2 Bg4 11. e4 dxe3 12. Bxe3 Nbd7 13. Nc3 Rad8 14. h3 Bf5 15. g4 Bg6 16. Nh4 Nb6 17. Nxg6 hxg6 18. Qf3 Rd7 19. Rd1 Rfd8 20. Rc2 e4 21. dxe4 Nxc4 22. Bg5 Bh2+ 23. Kh1 Rxd1+ 24. Nxd1 Nb6 {Schoorl,R (2266)-Van den Doel,E (2583) Netherlands 2020 0-1 (100)}) 10... dxe3 11. Bxe3 b6 12. Bg5 Nbd7 13. Nfd2 Bb7 14. Bxb7 Qxb7 15. Nc3 Rad8 16. Nde4 Be7 17. Qf3 Kh8 18. Kg2 h6 19. Bxf6 Nxf6 20. Rad1 Rd4 21. Nxf6 Qxf3+ 22. Kxf3 Bxf6 23. Nd5 Rd8 24. Rfe1 R8xd5 25. cxd5 Rxd5 26. d4 cxd4 27. Ke4 Rd7 28. Rc1 Be7 29. Kd3 f6 30. f4 exf4 31. gxf4 Kh7 32. f5 Bb4 33. Re8 Bc5 34. Rxc5 bxc5 35. Rc8 Rd5 36. b6 c4+ 37. Rxc4 Rd6 38. b7 Rb6 39. Rc7 Rb4 40. h3 h5 41. h4 Kh6 42. Rc8 1-0

[Event "Wch Blitz"]
[Site "Moscow"]
[Date "2019.12.29"]
[Round "4"]
[White "Morozevich, Alexander"]
[Black "Shcherbakov, Ruslan"]
[Result "1-0"]
[WhiteElo "2659"]
[BlackElo "2527"]
[PlyCount "81"]
[EventDate "2019.12.29"]
[EventType "swiss (blitz)"]
[EventRounds "21"]
[EventCountry "RUS"]
[SourceTitle "CBM 193 Extra"]
[Source "ChessBase"]
[SourceDate "2020.01.31"]
[SourceVersion "1"]
[SourceVersionDate "2020.01.31"]
[SourceQuality "1"]

1. Nf3 Nf6 2. g3 b5 3. Na3 Ba6 ({RR} 3... a6 4. b3 e6 5. c4 bxc4 6. bxc4 c5 7. Bg2 Bb7 8. Rb1 Bc6 9. O-O Be7 10. d3 O-O 11. Nc2 d6 12. e4 Nbd7 13. Qe2 Qc7 14. Bd2 Rfb8 15. Bc3 Rxb1 16. Rxb1 Rb8 17. Rc1 Ne8 18. Qe1 {Duda,J (2717)-Georgiev,K (2623) Riadh 2017 ½-½ (91)}) 4. b3 d5 $146 ({RR} 4... e6 5. Bg2 d5 6. c4 c6 7. O-O Bd6 8. d3 Qe7 9. cxb5 cxb5 10. Nc2 Nc6 11. Bb2 O-O 12. Nfd4 Rfc8 13. a3 Nxd4 14. Nxd4 Qd7 15. b4 Bb7 16. Nb3 Qe7 17. Bd4 Nd7 18. Qd2 e5 19. Be3 {Yuffa,D (2609)-Bogdanov,A (2284) Aix-en-Provence FRA 2024 ½-½ (78)}) ({RR} 4... e6 5. Bg2 d5 6. c4 c6 7. O-O Bd6 8. d3 Qe7 9. cxb5 cxb5 10. Nc2 Nc6 11. Bb2 O-O 12. Nfd4 Rfc8 13. a3 Nxd4 14. Nxd4 Qd7 15. b4 Bb7 16. Nb3 Qe7 17. Bd4 Nd7 18. Qd2 e5 19. Be3 {Yuffa,D (2609)-Bogdanov,A (2284) Aix-en-Provence FRA 2024 ½-½ (78)}) 5. c4 b4 6. Nc2 e6 7. Bg2 Bb7 8. O-O Be7 9. cxd5 exd5 10. Bb2 O-O 11. Ne3 Re8 12. Rc1 Nbd7 13. d4 Bf8 14. Ne5 a5 15. Nc6 Bxc6 16. Rxc6 Nb6 17. Qd3 a4 18. Rfc1 axb3 19. axb3 Ra7 20. Bf3 h6 21. R1c2 Bd6 22. Kg2 Bf8 23. Bc1 Ne4 24. Bd2 Qd7 25. h4 Qd8 26. Be1 Qd7 27. Rc1 Qd8 28. Qc2 Re7 29. Nf5 Rd7 30. h5 Nf6 31. Bd2 Ne8 32. Bf4 Nd6 33. Ne3 Ne8 34. Qf5 Nd6 35. Bxd6 Rxd6 36. Rxd6 Bxd6 37. Nxd5 Nxd5 38. Bxd5 Qe8 39. e4 Ra2 40. e5 Bf8 41. Rxc7 1-0

[Event "Wch Blitz"]
[Site "Moscow"]
[Date "2019.12.29"]
[Round "6"]
[White "Artemiev, Vladislav"]
[Black "Karjakin, Sergey"]
[Result "1-0"]
[WhiteElo "2731"]
[BlackElo "2754"]
[PlyCount "60"]
[EventDate "2019.12.29"]
[EventType "swiss (blitz)"]
[EventRounds "21"]
[EventCountry "RUS"]
[SourceTitle "CBM 193 Extra"]
[Source "ChessBase"]
[SourceDate "2020.01.31"]
[SourceVersion "1"]
[SourceVersionDate "2020.01.31"]
[SourceQuality "1"]

1. Nf3 d5 2. b3 Nf6 3. Bb2 c5 4. e3 Nc6 5. Bb5 Bd7 6. O-O e6 7. d4 a6 8. Bd3 cxd4 9. exd4 Bd6 10. a3 O-O 11. Nbd2 Ne7 $146 ({RR} 11... b5 12. Ne5 Qc7 13. Re1 Be8 14. Ndf3 h6 15. Qe2 Nd7 16. h4 Ncxe5 17. Nxe5 Nxe5 18. dxe5 Be7 19. h5 Bg5 20. Qg4 Bd7 21. f4 Be7 22. Re3 f5 23. exf6 Bxf6 24. Bxf6 Rxf6 25. g3 e5 26. Qh4 {Laddha,S (2324)-Helmer,J (2214) chess.com INT 2024 0-1 (53)}) ({RR} 11... b5 12. Ne5 Qc7 13. Re1 Be8 14. Ndf3 h6 15. Qe2 Nd7 16. h4 Ncxe5 17. Nxe5 Nxe5 18. dxe5 Be7 19. h5 Bg5 20. Qg4 Bd7 21. f4 Be7 22. Re3 f5 23. exf6 Bxf6 24. Bxf6 Rxf6 25. g3 e5 26. Qh4 {Laddha,S (2324)-Helmer,J (2214) chess.com INT 2024 0-1 (53)}) 12. Ne5 Bb5 13. c4 dxc4 14. bxc4 Bc6 15. Nxc6 Nxc6 16. Nf3 Rc8 17. Re1 Bb8 18. Qe2 Rc7 19. Rad1 Rd7 20. Bc2 Ba7 21. Ba4 Nxd4 22. Bxd4 Rxd4 23. Nxd4 Bxd4 24. Qd2 Bb6 25. Qxd8 Bxd8 26. Rb1 b6 27. Bc6 Bc7 28. Red1 Rb8 29. a4 Kf8 30. c5 bxc5 1-0